[Event "FIDE-Wch k.o."]
[Site "Moscow"]
[Date "2001.11.27"]
[Round "1.1"]
[White "Svidler, Peter"]
[Black "Hoffman, Alejandro"]
[Result "1-0"]
[WhiteElo "2686"]
[BlackElo "2506"]
[Annotator "Gofshtein,L"]
[PlyCount "47"]
[EventDate "2001.11.27"]
[EventType "k.o."]
[EventRounds "7"]
[EventCountry "RUS"]
[SourceTitle "CBM 086"]
[Source "ChessBase"]
[SourceDate "2002.02.05"]
[SourceVersion "1"]
[SourceVersionDate "2002.02.05"]
[SourceQuality "1"]

{[%mdl 532]} 1. e4 d6 2. d4 Nf6 3. Nc3 e5 4. Nge2 {This flexible move is the P.
Svidler's stile; he likes tactical play with sharp complications usually.
Another way can be a line with the trade of queens by 4.de;} Nc6 $6 {This move
causes black difficulties to create counterplay; Much better is to make
another moves how it is shown in undermentioned games.} (4... Nbd7 $5 5. f3 Be7
6. Be3 c6 7. Qd2 Nb6 $5 8. b3 exd4 9. Nxd4 d5 $132 {1/2-1/2 Grin,D-Ivanov 2001}
) (4... c6 5. f3 $5 (5. g3 b5 $5 6. dxe5 dxe5 7. Qxd8+ Kxd8 8. Bg2 a6 (8... b4
$5) 9. a4 Bb7 (9... b4 $132) 10. b3 Nbd7 11. Bb2 Kc7 $11 {0-1 Prandstetter,
E-Neumann 2001}) 5... h5 $1 (5... Nbd7 6. Be3 b5 7. g4 Bb7 8. Qd2 b4 9. Nd1 d5
10. g5 $1) 6. Be3 Be7 7. a4 a5 8. Nc1 Na6 9. Bxa6 Rxa6 10. O-O Qc7 11. Nd3 Ra8
12. Qe1 Be6 $132 {1/2-1/2 Horvath,C-Jovanovic,Z 2001}) (4... Be7 5. g3 Bg4 6.
Bg2 exd4 7. Qxd4 Nc6 8. Qe3 O-O 9. h3 Nb4 10. Qd2 Bxe2 11. Nxe2 Na6 12. O-O Nc5
13. Nc3 c6 14. b3 a5 15. Bb2 Ne8 16. Rad1 f5 $132 {1-0 Ivanchuk,V-Georgiev,V
2001}) 5. f3 Be7 $6 {More flexible was 5...g6} (5... d5 $2 {This attempt of
liberation would be uncorrect as it is proved below.} 6. dxe5 Nxe5 7. f4 Nc6 (
7... Neg4 8. h3 Nh6 9. exd5 (9. e5 Nh5 10. Qxd5 $2 (10. g3 $5 c6 11. Be3 Nf5
12. Bf2 $16)) 9... Bc5 10. g4 Nd7 11. Qd3 $16) (7... Bc5 $2 8. fxe5 Ng4 9. Nd4
dxe4 10. Ndb5 Bf2+ 11. Ke2 Bd7 12. e6 $18) 8. e5 d4 9. exf6 dxc3 10. Qxd8+ Nxd8
11. Nxc3 $16) (5... g6 $5 6. Be3 Bg7 7. Qd2 a6 8. O-O-O h5 $5 9. Kb1 Bd7 10. d5
Na5 11. Nc1 b5 12. b3 Nb7 $13 {1/2-1/2 Benjamin,J-Hamdouchi,2000}) (5... exd4
6. Nxd4 Be7 7. Bc4 (7. Be3) 7... O-O 8. O-O Re8 9. Kh1 Bf8 10. Bg5 Ne5 11. Bb3
h6 12. Bh4 Ng6 13. Bf2 Bd7 14. a4 c6 15. Qd2 Qc7 $132 {0-1 Magem Badals,
J-Franco,Z 1992}) 6. Be3 (6. d5 $5 {To close the center by 6.d5 deserves
attention:} Nb8 7. g4 c6 8. Ng3 cxd5 9. g5 Nfd7 10. Nxd5 $16 {1-0 Gamboa,
N-Jaramillo,G/Cali COL 2000/The Week in Chess 320 (31)}) 6... O-O (6... exd4 7.
Nxd4 O-O) 7. d5 $5 (7. Qd2 a6 8. g4 (8. d5 $5) 8... b5 9. g5 Nd7 10. h4 Nb6 11.
b3 f5 $132 {1-0 Matras,A-Glazik,M 2000} (11... exd4 $5 12. Nxd4 Nxd4 13. Qxd4
c5 14. Qd3 b4 15. Ne2 d5 $36)) 7... Nb8 8. Qd2 c6 9. g4 {[%csl Yf5][%cal Ye2g3,
Yg3f5] White tries to capture space over the king side;} cxd5 $16 (9... Ne8 10.
O-O-O $16) 10. exd5 Bxg4 $2 {This wrong sacrifice gives White decisive
advantage.} 11. fxg4 Nxg4 12. Bh3 Bh4+ 13. Kd1 $6 {Right move-13.Ng3 could
lead to the decisive advantage by:} (13. Ng3 $5 Nxe3 14. Qxe3 f5 15. O-O f4 (
15... g6 16. Bxf5 gxf5 17. Nxf5 Bg5 18. Qg3 Kh8 19. Ne4 $18) 16. Qf3 $18) 13...
Nxe3+ 14. Qxe3 f5 (14... Bg5 $5) 15. Rg1 {[%cal Yg1g7]} Kh8 16. Kd2 $6 {
[%cal Ya1f1] This move leads to sharp complications; Much better was 16.Qf3} (
16. Qf3 $5) 16... g5 (16... Nd7 17. Raf1 $18) 17. Qf3 g4 18. Bxg4 Bg5+ 19. Kd1
fxg4 20. Qxg4 Nd7 $2 {This is a decisive mistake, while 20...Qe7 could lead to
the unclear position.} (20... Qe7 $5 21. Ne4 (21. Ng3 Na6 22. Nce4 Be3 23. Rg2)
21... Be3 $13) 21. Ne4 $1 Bh6 22. Qh3 $18 Rf6 (22... Bg7 23. Ng5 $18) 23. Nxf6
Qxf6 24. Qxd7 1-0

[Event "Solin 9th"]
[Site "Solin/Split"]
[Date "2001.12.09"]
[Round "2"]
[White "Stevic, Hrvoje"]
[Black "Ftacnik, Lubomir"]
[Result "1/2-1/2"]
[WhiteElo "2511"]
[BlackElo "2566"]
[Annotator "Gofshtein,L"]
[PlyCount "63"]
[EventDate "2001.12.08"]
[EventType "tourn"]
[EventRounds "9"]
[EventCountry "CRO"]
[EventCategory "12"]
[SourceTitle "CBM 087"]
[Source "ChessBase"]
[SourceDate "2002.03.21"]
[SourceVersion "1"]
[SourceVersionDate "2002.03.21"]
[SourceQuality "1"]

1. e4 d6 2. d4 Nf6 3. Nc3 g6 4. Bg5 c6 (4... h6) (4... Bg7) 5. f4 b5 6. Bd3 {
Immediate 6.e5 wouldn't give white anything;} (6. e5 dxe5 $5 (6... b4 $5 7.
exf6 bxc3 8. bxc3 exf6 9. Bh4 (9. Qe2+ Be6 10. f5 fxg5 11. fxe6 f5 $132) 9...
Bg7 10. Bd3 O-O 11. Ne2 Qa5 $132 {1-0 Dueckstein,A-Schneider Zinner,W/Vienna
1998/EXT 2000 (42)}) 7. fxe5 (7. dxe5 Qxd1+ 8. Rxd1 Ng4 9. Rd2 f6 $132) 7...
Nd5 8. Ne4 f6 9. exf6 exf6 10. Bd2 Bg7 $132 {1/2-1/2 Honfi,K-Hartoch,R/Wijk
aan Zee 1970/MCD (40)}) 6... b4 $146 {[%mdl 8] This move is a novelty.There
are some other variations here.} (6... Bg7 7. Nf3 (7. Qd2 h6 (7... O-O 8. Nf3
Bg4 9. O-O Nbd7 10. e5 Bxf3 11. Rxf3 $16 {1-0 Banas,J-Ornstein,A/Rimavska
Sobota 1974/MCD (30)}) 8. Bh4 Nh5 9. Nce2 O-O 10. Nf3 Qc7 11. O-O $16 {1-0
Sermek,D-Mohr,G/Radenci 1998/EXT 99 (30)}) 7... O-O 8. O-O b4 9. Ne2 Bg4 10.
Qd2 $16) (6... Nbd7 7. Nf3 Nb6 8. Qd2 Bg7 9. O-O O-O 10. e5 dxe5 11. fxe5 Nfd5
12. Ne4 $16 {1-0 Gombac,J-Srebrnic,A/Rogaska Slatina 1998/EXT 2000 (32)}) (6...
Qa5 $5 7. Nf3 h6 8. Bh4 Nh5 9. Qd2 Nxf4 10. Qxf4 g5 11. Nxg5 hxg5 12. Bxg5 f6
$132 {0-1 Gerstner,W-Herbrechtsmeier,C/Hockenheim 1994/EXT 2001 (41)}) 7. Nce2
Ba6 8. Nf3 {8...Bf6 leads to the same position as in the game with the
different order of moves. 8.Ba6 deserves serious attention:} (8. Bxf6 exf6 9.
Bxa6 Nxa6 10. Nf3 $16 d5 11. Qd3 Nc7) (8. Bxa6 $5 Nxa6 9. Qd3 Nc7 10. Qc4 Qd7
11. Bxf6 exf6 12. d5 cxd5 13. exd5 Rc8 14. Nf3 $16) 8... d5 9. Bxf6 exf6 10.
Ng3 (10. Bxa6 Nxa6 11. Qd3 Nc7 12. O-O Be7 $14) 10... Be7 11. Qe2 $6 {After
this move white misses almost all his advantage.Right way is Ba6, which is
keeping the advantage.} (11. Bxa6 $5 Nxa6 12. Qe2 Nc7 13. f5 O-O 14. O-O (14.
O-O-O Re8) 14... Re8 15. e5 fxe5 16. dxe5 $36) 11... dxe4 12. Nxe4 Bxd3 13.
Qxd3 f5 14. Ned2 Nd7 15. Ne5 (15. O-O O-O 16. Rad1 Nf6 $132) 15... Nxe5 16.
dxe5 {White offers to trade queens and there would be small advantage for
white in the ending.But, after 16.fe f6, Black has good counterplay.} (16. fxe5
f6 $1 17. exf6 Bxf6 18. Nf3 Qd5 $132) 16... Qxd3 17. cxd3 {[%mdl 4096]} O-O-O
18. Ke2 f6 $132 19. Rhc1 Kc7 20. Nf3 (20. Nb3 Rd5 21. d4 a5 $132) 20... Rd5 {
[%csl Yd3][%cal Yd5d3,Rh8b8] Black activates his rooks and transfers them to
better positions.} 21. Rc4 Rb8 $14 22. Rac1 {[%csl Rc6][%cal Yc4c6,Rc1c4]
White creates a pressure over c-file attacking weak pawn c6;} Rb6 23. Nd4 {
[%cal Rd4c6]} c5 24. Nb3 fxe5 25. Nxc5 Kd8 {Another way 25...Kd8 deserves
attention also.} (25... Bxc5 $5 26. Rxc5+ Kd6 27. Rc7 Ra6 $132) 26. Nb3 Rb8 27.
Rc7 exf4 28. Rxa7 Rd7 $1 {Black tries to change active black rook.} 29. Ra6 Rd6
$11 30. Ra7 Rd7 31. Ra6 Rd6 32. Ra7 {Nobody want to take risk to go on in this
ending;} 1/2-1/2

[Event "GER-ch 73th"]
[Site "Altenkirchen"]
[Date "2001.12.07"]
[Round "8"]
[White "Bastian, Herbert"]
[Black "Lobron, Eric"]
[Result "0-1"]
[WhiteElo "2353"]
[BlackElo "2524"]
[Annotator "Gofshtein,L"]
[PlyCount "60"]
[EventDate "2001.11.30"]
[EventType "swiss"]
[EventRounds "9"]
[EventCountry "GER"]
[SourceTitle "CBM 087"]
[Source "ChessBase"]
[SourceDate "2002.03.21"]
[SourceVersion "1"]
[SourceVersionDate "2002.03.21"]
[SourceQuality "1"]

1. e4 d6 2. d4 Nf6 3. Bd3 e5 4. c3 d5 $5 5. dxe5 Nxe4 {[%mdl 16]} 6. Nf3 (6.
Bxe4 $6 dxe4 7. Qa4+ Bd7 8. Qxe4 Bc6 9. Qg4 h5 10. Qh3 Qd7 $1 $36) 6... Nc6 7.
Qe2 {There are some alternatives in this position:} (7. O-O Bg4 8. Bf4 Be7 9.
h3 Bh5 10. Be2 $5 O-O (10... Qd7 11. Nbd2 O-O-O 12. Nd4 Bxe2 13. Qxe2 $132 {
1/2-1/2 Sharif,M-Seret,J/Epinal 1986/EXT 97 (35)}) 11. Nbd2 Nc5 12. Nb3 Ne6 13.
Bg3 Qd7 14. Qd2 Rad8 15. Rad1 $14 {Sokolov,A-van der Sterren,P/Thessaloniki/
1984/1:0/48/}) (7. Nbd2 Nc5 8. Bb5 $5 Bd7 9. Qe2 a6 10. Bxc6 Bxc6 11. Nd4 Bd7
12. O-O Ne6 $1 13. a4 c5 14. Nxe6 Bxe6 15. f4 Qd7 $132 {Smirin,I-Chernin,A/
Groningen/1993/0,5/58/}) (7. Bf4 Be7 8. Nbd2 Nc5 9. Nb3 Nxd3+ 10. Qxd3 Be6 11.
Nfd4 Nxd4 12. cxd4 O-O 13. O-O a5 $132 {1/2-1/2 Polzin,R-Chabanon,J/Gifhorn
1992/EXT 2001 (23)}) (7. Qc2 $6 Nc5 8. Bxh7 d4 $13 {0-1 Wantiez,F-Van Houtte,T/
Huy 1993/EXT 97 (37)} (8... Bg4 $5) (8... Qe7 $5 $44)) 7... Nc5 8. Bc2 (8. Bb5
Be7 $132) 8... Bg4 9. O-O (9. Bf4 d4 10. Be4 Qd7 (10... d3 11. Qe3 Nxe4 12.
Qxe4 Qd7 13. Nbd2 O-O-O 14. O-O Kb8 $36 {0-1 Rause,O-Malaniuk,V/Hastings 1995/
EXT 98 (39)}) 11. Bxc6 Qxc6 12. cxd4 Bxf3 13. gxf3 Ne6 14. Be3 Bb4+ 15. Nd2
Bxd2+ 16. Kxd2 O-O-O $36 {0-1 Diana,R-Sarno,S/Torino 2000/CBM 79 ext (21)})
9... Qd7 $5 {White prepares long castle and a break-through in the center.
Another line is:} (9... Be7 10. Rd1 a5 $5 (10... O-O 11. b4 Ne6 12. Bb3) 11.
Nbd2 a4 (11... Qd7 12. Nb3 {[%csl Yd5][%cal Rd1d5]} (12. Nf1 {[%csl Rd5][%cal
Yd1d5]} O-O 13. Ne3 Nxe5 14. Rxd5 Qe6 $13 {0-1 Mainka,R-Malaniuk,V/Koszalin
1998/CBM 65 ext (37)}) 12... a4 $1 (12... Ne6 13. Be4) 13. Nxc5 (13. Nbd4 Ne6)
13... Bxc5 14. h3 Bh5 15. Bf4 Nd8 16. c4 (16. b4 $5 axb3 17. axb3 Rxa1 18. Rxa1
Ne6 19. Bh2) 16... d4 17. Bh2 O-O 18. Be4 Bg6 $10 {0-1 Sokolovs,A-Fridman,D/
Riga 1995/CBM 47/[Chekhov] (43)}) 12. h3 Bh5 13. Nf1 Ne6 14. Ng3 Bxf3 15. Qxf3
Nxe5 16. Qh5 Bf6 17. f4 g6 18. Qe2 Nc4 19. f5 gxf5 20. Bxf5 c6 $132 {1-0
Ibragimov,I-Agrest,E/St Petersburg 1993/CBM 34 (72)}) 10. h3 (10. Rd1 O-O-O 11.
b4 Ne6 12. Bb3 Ne7 (12... Bxf3 13. Qxf3 Nxe5 14. Qe3 Bd6 15. Qxa7 c6 16. f3
$132 {1/2-1/2 Psakhis,L-Chernin,A/Irkutsk 1983/MCD (16)}) 13. Be3 {1/2-1/2
Egin,V-Stepovaia Dianchenko,T/Krasnodar 1997/EXT 99 (13)}) 10... Bh5 11. Re1 $2
{White takes an initiative after this weak move of black;} (11. Nbd2 $5 d4 12.
Qc4 d3 13. Bb1 O-O-O 14. b4) 11... d4 $5 {[%mdl 4] This typical idea gives
Black strong iniative.} 12. Rd1 $2 {Another mistake of white. After 12.Bd1
white would have good chances to survive.} (12. Bd1 $1 dxc3 (12... d3 13. Qe3
$11) 13. Nxc3 Bxf3 14. Qxf3 Nd3 15. Re2 $14) 12... O-O-O 13. cxd4 (13. Bg5 d3
14. Bxd3 Bxf3 15. gxf3 f6 $19) (13. Bb3 d3 14. Qe3 Bxf3 15. Qxf3 Nxe5 $17)
13... Bxf3 14. Qxf3 Nxd4 $17 15. Rxd4 Qxd4 16. Nc3 {Black has decisive
material advantage.White tries to complicate the game somehow.} Qxe5 (16... Nd3
$2 17. Be3 Qxe5 18. Rd1 $36) 17. Bf4 Qf6 18. Ne4 $5 (18. Nd5 $2 Rxd5 19. Qxd5
Qxf4 $19) 18... Qxb2 $5 {This move looks dangerous for black,but this is right
way.Another good way is 18...Qc6} (18... Nxe4 $2 19. Bxe4 Kb8 20. Rc1 $1 $44 (
20. Bxb7 Qxb2 21. Rc1 Qxb7 22. Bxc7+ Qxc7 23. Rxc7 Kxc7 24. Qxf7+ Rd7 $19)) (
18... Qc6 $5 19. Rc1 Rd4 $17) 19. Rc1 Ne6 20. Ng5 Nxf4 {Black changes very
dangerous bishop of white.} 21. Qxf4 Bd6 {The easiest was to go to the winning
ending by 21...Qc2.} (21... Qxc2 $5 22. Rxc2 Rd1+ 23. Kh2 Bd6 24. Qxd6 Rxd6 25.
Nxf7 Rhd8 26. Nxd6+ Rxd6 $17) 22. Qf5+ Kb8 23. Rb1 Rhe8 24. g3 Qe5 $6 {This
move is dubious.Right is24... Qc3!} (24... Qc3 $1 25. Be4 c6 26. Nxf7 Rf8 27.
Qg5 Bc7 $17) (24... Qxa2 25. Nxf7 c6 26. Nxd8 Rxd8 27. Qxh7 $44) 25. Qf3 c6 $2
{This move is clearly bad .Black can get decisive advantage after 25...b6.} (
25... b6 $5 26. Nxf7 Qe2 27. Qxe2 Rxe2 28. Bd3 Rde8 29. Bxe2 Rxe2 30. Nxd6 cxd6
31. a3 Kc7 $19) 26. Nxf7 Qc5 27. Nxd8 Rxd8 28. Bxh7 Rf8 29. Qg2 Be5 30. Be4 $4
{[%mdl 8192]} (30. Rf1 $15) 30... Rxf2 $1 $19 0-1

[Event "EU-chT (Men) 13th"]
[Site "Leon"]
[Date "2001.11.09"]
[Round "4.1"]
[White "Spasov, Vasil"]
[Black "Bogdanovski, Vlatko"]
[Result "1-0"]
[WhiteElo "2569"]
[BlackElo "2430"]
[Annotator "Gofshtein,L"]
[PlyCount "71"]
[EventDate "2001.11.06"]
[EventType "team-swiss"]
[EventRounds "9"]
[EventCountry "ESP"]
[SourceTitle "CBM 086"]
[Source "ChessBase"]
[SourceDate "2002.02.05"]
[SourceVersion "1"]
[SourceVersionDate "2002.02.05"]
[SourceQuality "1"]
[WhiteTeam "Bulgaria"]
[BlackTeam "Macedonia"]
[WhiteTeamCountry "BUL"]
[BlackTeamCountry "MKD"]

1. e4 d6 2. d4 Nf6 3. Nc3 g6 4. Bg5 {[%mdl 4]} Bg7 {This is main line; There
are other variations for black, which are:} (4... c6 $5 5. Qd2 (5. f4 Qb6 $5
$132) 5... b5 6. Bd3 h6 (6... Nbd7 7. Nf3 (7. f4 $5 {This move is deserves the
attention.}) 7... h6 (7... Qc7 $5) 8. Be3 e5 9. d5 cxd5 10. Nxd5 Nxd5 11. exd5
a6 12. Be2 f5 $132 {Krivec,J-Manca,F/1997}) 7. Bh4 g5 $142 (7... Nbd7 $6 8. f4
b4 9. Nce2 e5 10. dxe5 dxe5 11. Nf3 Be7 12. fxe5 Nh5 13. Bxe7 Qxe7 14. e6 Qxe6
15. Ned4 Qd6 16. e5 $1 Qd5 17. e6 $40 {Leko,P-Dao Thien 1993}) 8. Bg3 Nh5 9.
Nge2 Bg7 $13) (4... h6 5. Bh4 Nh5 $5 $146 (5... c6 6. f4 $5 (6. e5 Nd5 7. Nxd5
cxd5 8. Nf3 Nc6 9. exd6 Qxd6 10. c3 Bg4 11. Be2 Bg7 12. O-O O-O 13. Bg3 Qd8 14.
Ne5 Nxe5 15. Bxe5 Bxe5 16. Bxg4 {1/2,Heyne,G-Farsakh,C1995}) 6... Qa5 $5 7. Qd2
Bg7 8. Nf3 Bg4 9. Be2 Nbd7 10. h3 (10. e5 Nd5 11. Nxd5 Qxd5 12. c4 Qe4 13. h3
Bxf3 14. gxf3 Qf5 $132) 10... Bxf3 11. Bxf3 e5 12. dxe5 $6 (12. Bf2 $142 $1 $14
) 12... dxe5 $132 {Hresc,V-Penn,1985}) (5... Bg7 6. f4 $5 c5 $142 $5 {Black
has reasonable counterchances after 5...c6 ,although it is not easy to reduce
the formidable center of White.} (6... c6 $6 7. Nf3 Bg4 8. h3 Bxf3 9. Qxf3 Qa5
10. O-O-O e6 11. g4 Nbd7 12. f5 $36 {Mahdy,K-Schlosser, 1986.}) 7. e5 $5 (7.
dxc5 Qa5 8. Qd2 Qxc5 $132 9. Bd3 Nc6 (9... Nbd7 $5) 10. Nge2 O-O 11. O-O-O {
Yermolinsky-Gulko,1996} Be6 $5 $132 (11... a6 $5 $132)) 7... Nh5 8. dxc5 Nxf4 (
8... dxe5 9. Qxd8+ Kxd8 10. O-O-O+ Bd7 11. fxe5 $1 g5 $5 $132) 9. exd6 g5 10.
Bf2 (10. Bg3 Bxc3+ $5 11. bxc3 Nc6 12. Ne2 Qa5 13. Qd2 e5 $1 $44 {This is
Chernin's idea.}) 10... Nc6 11. Qd2 O-O 12. O-O-O Bg4 13. Nf3 exd6 14. cxd6 (
14. Qxd6 $2 Qa5 $36) (14. h4 dxc5 $132 {Voitsekhovsky-Berelovich,1992}) 14...
Rc8 $132 {Sorokin-Jansa,1992}) 6. Qf3 Bg7 7. Bc4 O-O 8. Nge2 c5 9. dxc5 Nc6 10.
Qe3 Ne5 11. Bb3 g5 $132 {Sermek,D-Djuric,S1997.}) 5. Qd2 {This move prevents
operation enter the Dragon-c5 ,dc,and...Qa5} h6 $5 {Black prefers first to
play...h6 to determine the position of White's light-sguare bishop} 6. Bh4 {
This retreat gives Black more chances than 6.Bf4} (6. Bf4 g5 $1 {It is best
for Black to play 6...g5,} (6... Nbd7 $6 7. O-O-O g5 8. Be3 $1 Ng4 9. h4 $36 {
J.Polgar-Smirin,1993}) 7. Bg3 (7. Be3 Ng4 8. Nge2 Nc6 9. Ng3 Nxe3 10. fxe3 h5
$1 $15 11. Be2 g4 12. O-O-O $4 Nxd4 $1 $19 {Romanishin-Kuzmin,1979}) 7... Nh5 {
This line leads to the similar variation like in the game;}) (6. Be3 {White
keeps the bishop in, but it cost of some time.The good method for Black is:}
Ng4 7. Bf4 e5 8. dxe5 Nxe5 9. O-O-O Nbc6 10. Nd5 Be6 11. h3 Rb8 $1 12. Be3 b5 {
[%csl Yc4][%cal Re5c4,Yb5c4]} 13. f4 Nc4 14. Bxc4 bxc4 $36 {Lugovoi-Sakaev,1995
}) 6... g5 (6... O-O 7. f4 c6 8. Bd3 b5 9. Nf3 b4 10. Ne2 Qb6 11. h3 Re8 12. e5
Nd5 13. Bf2 Ba6 14. e6 fxe6 15. Nh4 Nd7 16. Nxg6 Bxd3 17. Qxd3 Qb5 $1 {
Schmittdiel,E-Lau,R1991}) (6... Nbd7 $5 {According Chernin is a very good
continuation:} 7. f4 c5 8. e5 (8. d5 Qa5 9. Nf3 g5 $1 10. fxg5 Ng4 $36 {
Gofshtein-Chernin,1999}) 8... cxd4 9. Qxd4 g5 $1 $132) 7. Bg3 Nh5 8. O-O-O (8.
Nge2 Nc6 $5 9. O-O-O {we've reached the game line;} (9. d5 $6 Na5 $1 10. f4 (
10. Nd4 c5 11. Nf5 Bxf5 12. exf5 a6 $132 {Chernin}) 10... c6 $132)) 8... Nd7 (
8... Nc6 $1 {This is best choice.It instanly prevents White from recapturing
with a knight because White's d-pawn then falls} 9. Bb5 (9. Nge2 Bd7 10. f3 {
White forces the issue.} (10. Qe3 {[%csl Rd4][%cal Rd1d4]} e5 $5 $132) 10...
Nxg3 11. hxg3 e6 12. f4 (12. g4 Qe7 13. Qe3 O-O-O $132 {Black position is very
stable}) 12... Qf6 $1 {Black provokes his opponent to play e5,instead of
encouraging d5} 13. e5 dxe5 14. fxe5 Qe7 15. Ne4 O-O-O $132 {Black has the
positional opportunity...f6,as well as tactical blows...Ne5 or ...Nd4.}) (9. d5
Nd4 10. Nb1 c6 {[%csl Yb5][%cal Yc6b5,Yd4b5] This move protect b5,and open c7
for Black knight retreat} 11. Na3 Bd7 12. Qe3 Nb5 13. Nc4 Nxg3 14. hxg3 Nc7 $1
$132 {Anand -Chernin,1995}) 9... Bd7 10. Nge2 e6 11. f3 Nxg3 12. hxg3 a6 13.
Bxc6 Bxc6 14. g4 Qe7 15. Ng3 Rg8 16. Rhe1 O-O-O $11 {Tiviakov,S-Markowski,T/
Polanica Zdroj/1995/ (27)}) 9. Bc4 {White has four other moves instead of the
last move:} (9. Nge2 c5 10. f3 (10. Kb1 a6 11. dxc5 Nxc5 12. h4 Qb6 13. Qe3
Nxg3 14. Nxg3 Be6 15. Nf5 Bxf5 16. exf5 Nd7 17. Qe1 (17. Qxb6 $5 Nxb6 18. Ne4
$14) 17... Rc8 {1/2-1/2 Beliavsky,A-Chernin1997}) 10... Nxg3 11. hxg3 a6 12. f4
Qa5 $132 {Tiviakov-D.Gurevich,1999}) (9. e5 Nb6 $1 (9... dxe5 10. dxe5 e6 11.
Qe2 $1 Nxg3 12. hxg3 $36) 10. Qe2 Nxg3 11. hxg3 e6 12. f4 Bd7 13. d5 exd5 14.
exd6+ Kf8 15. Nxd5 Nxd5 16. Rxd5 Qf6 17. Qe7+ Qxe7 18. dxe7+ Kxe7 $36 {Sedlak,
N-Beliavsky,A2001}) (9. Be2 Nxg3 10. hxg3 c5 11. d5 Qa5 12. f4 Bxc3 13. Qxc3
Qxc3 14. bxc3 Nf6 $132 {Mestel,A-Miles,A 1974}) (9. Kb1 c5 10. dxc5 Nxg3 11.
hxg3 Nxc5 12. f4 Be6 13. Nf3 Qa5 $36 {Hendriks,W-Tseitlin,M1997.}) (9. f3 Nxg3
10. hxg3 c5 11. dxc5 Nxc5 12. Bb5+ Kf8 13. Nge2 Qa5 14. Nd4 a6 15. Be2 Bd7 16.
Kb1 Rc8 $132 {1/2-1/2 Nevednichy,V-Marin, 1999}) 9... e6 (9... c5 $5 10. Nge2
Qa5 (10... Nb6 $6 11. Bb5+ Bd7 12. Qd3 $14 {1-0 Guerrero,R-Sastre,2000}) 11.
Rhf1 Nb6 $132 {1/2-1/2 Motylev,A-Marin, 2000}) 10. f4 (10. Nge2 Qe7 11. f3 Nxg3
12. hxg3 Nb6 13. Bb3 Bd7 $132 {0-1 Bartel,M-Stryjecki,2001}) (10. Nh3 Nb6 11.
Bb3 Bd7 12. f4 Nxg3 13. hxg3 $14 {1-0 Jaghubov,E-Pitkanen,J 2000}) 10... Nb6
11. Bb3 Bd7 {Black does not accept pawn sacrifice, and tries to finish the
development;} (11... gxf4 12. Bf2 (12. Bxf4 Nxf4 13. Qxf4 Qg5 $11) 12... Qg5
13. Nf3 $44) 12. Bf2 {[%mdl 512] White forces black to accept his pawn
sacrifice.He gets the iniative for the long time;} Nxf4 13. Nge2 Nxe2+ 14. Qxe2
Qe7 15. a4 {First of all, Black prevent from an exile his knight out of b6,but
on the other hand his position over the queenside has become weaker.} a5 {
[%csl Ra5,Rb5][%cal Rc3b5,Ya4b5]} 16. Kb1 O-O-O 17. Nb5 $5 {White has the
intention to capture a5-pawn after next18. Be1} Na8 {White has good
compensation for the pawn;Better was 17.Qe8.} (17... Qe8 18. d5 Bxb5 19. axb5
a4 20. Ba2 Nd7 21. Qc4 $44) 18. Be1 b6 19. Bg3 Kb7 20. Rhf1 $44 Be8 (20... Bc6
$5) 21. d5 {[%mdl 128] White tries to create new weaknesses in black's camp;}
Be5 (21... exd5 22. Rxd5 h5 23. h3 $44) 22. Nd4 (22. Bxe5 dxe5 23. Nc3 $44)
22... Bxd4 (22... Bxg3 23. hxg3 Bd7 24. e5 dxe5 25. Qxe5) 23. Rxd4 exd5 (23...
e5 24. Rd3 f6) 24. Bxd5+ c6 $2 {This is decisive mistake;After this move black
gets new weakness-d6;} (24... Ka7 $8) 25. Bb3 {[%csl Rd6][%cal Gg3d6,Rd4d6]}
Nc7 26. Qd2 d5 27. exd5 cxd5 28. Rd3 {White doesn't hurry up to capture
d5-pawn; He keeps the pressure on black's position;} (28. Bxc7 Qxc7 29. Bxd5+
$16) 28... Bc6 29. Rdf3 {[%csl Rf7][%cal Yf3f7]} Rhf8 30. Rf6 {[%cal Yf6h6,
Yf6b6]} Ne6 31. Qe3 Rd7 32. Rxh6 Qc5 33. Qe5 Re8 34. Rhf6 Nc7 35. Qxg5 $18 Ree7
36. Qd2 1-0